Statistics for Every Formula One Circuit

Click here to take the quiz!

General Stats

  • This quiz has been taken 88 times
    (42 since last reset)
  • The average score is 39 of 74

Answer Stats

NumberLast HostedGrands Prix HostedCircuit% Correct
392022Brazilian Grand PrixAutódromo José Carlos Pace
91%
302022Italian Grand Prix, San Marino Grand Prix, Emilia Romagna Grand PrixAutodromo Internazionale Enzo e Dino Ferrari
89%
722022Italian Grand PrixAutodromo Nazionale Monza
89%
62022European Grand Prix, Azerbaijan Grand PrixBaku City Circuit
86%
252022Australian Grand PrixAlbert Park Circuit
83%
192022Bahrain Grand Prix, Sakhir Grand PrixBahrain International Circuit
83%
32013Indian Grand PrixBuddh International Circuit
83%
322022Spanish Grand PrixCircuit de Barcelona-Catalunya
83%
682022Monaco Grand PrixCircuit de Monaco
83%
572022British Grand Prix, 70th Anniversary Grand PrixSilverstone Circuit
83%
412022Canadian Grand PrixCircuit Gilles Villeneuve
80%
102022United States Grand PrixCircuit of the Americas
80%
22021Portuguese Grand PrixAlgarve International Circuit
77%
552022Belgian Grand PrixCircuit de Spa-Francorchamps
77%
372019German Grand PrixHockenheimring
77%
412020German Grand Prix, European Grand Prix, Luxembourg Grand Prix, Eifel Grand PrixNürburgring
77%
322022Japanese Grand PrixSuzuka Circuit
77%
111995Australian Grand PrixAdelaide Street Circuit
74%
222022Mexican Grand PrixAutódromo Hermanos Rodríguez
74%
192007Indianapolis 500*, United States Grand PrixIndianapolis Motor Speedway
74%
142022Abu Dhabi Grand PrixYas Marina Circuit
74%
182022French Grand PrixCircuit Paul Ricard
71%
372022Hungarian Grand PrixHungaroring
71%
132022Singapore Grand PrixMarina Bay Street Circuit
71%
301985Dutch Grand PrixCircuit Park Zandvoort
69%
92021Turkish Grand PrixIstanbul Park
69%
82021Russian Grand PrixSochi Autodrom
69%
352022Austrian Grand Prix, Styrian Grand PrixRed Bull Ring
66%
131996Portuguese Grand PrixAutódromo do Estoril
63%
11984Dallas Grand PrixDallas Grand Prix Circuit
63%
141986British Grand Prix, European Grand PrixBrands Hatch
60%
71997Spanish Grand Prix, European Grand PrixCircuito de Jerez
60%
71988Detroit Grand PrixDetroit Street Circuit
60%
42008Japanese Grand PrixFuji Speedway
60%
201998Argentine Grand PrixAutódromo Juan y Oscar Gálvez
57%
101989Brazilian Grand PrixAutódromo Internacional Nelson Piquet
54%
42013Korean Grand PrixKorea International Circuit
54%
201993South African Grand PrixKyalami Racing Circuit
54%
12020Tuscan Grand PrixMugello Circuit
54%
192017Malaysian Grand PrixSepang International Circuit
54%
162019Chinese Grand PrixShanghai International Circuit
54%
11958Moroccan Grand PrixAin-Diab Circuit
51%
182008French Grand PrixCircuit de Nevers Magny-Cours
51%
101984Belgian Grand PrixCircuit Zolder
49%
52012European Grand PrixValencia Street Circuit
49%
81983United States Grand Prix WestLong Beach Street Circuit
46%
21982Caesars Palace Grand PrixCaesars Palace Grand Prix Circuit
43%
61984French Grand Prix, Swiss Grand PrixDijon-Prenois
43%
91981Spanish Grand PrixCircuito del Jarama
40%
51962British Grand PrixAintree Motor Racing Circuit
37%
11959German Grand PrixAVUS
37%
11967French Grand PrixBugatti Circuit
37%
11993European Grand PrixDonington Park
37%
11957Pescara Grand PrixPescara Circuit
37%
31991United States Grand PrixPhoenix Street Circuit
37%
21960Portuguese Grand PrixCircuito da Boavista
34%
11959United States Grand PrixSebring International Raceway
31%
201980United States Grand PrixWatkins Glen
31%
51954Swiss Grand PrixCircuit Bremgarten
29%
11964Austrian Grand PrixZeltweg Airfield
26%
12021Qatar Grand PrixLosail International Circuit
23%
11960United States Grand PrixRiverside International Raceway
23%
51968French Grand PrixRouen-Les-Essarts
23%
11959Portuguese Grand PrixCircuito de Monsanto
20%
41975Spanish Grand PrixMontjuïc circuit
20%
81977Canadian Grand PrixMosport International Raceway
20%
31965South African Grand PrixPrince George Circuit
20%
21995Pacific Grand PrixOkayama International Circuit
14%
111966French Grand PrixReims-Gueux
14%
61978Swedish Grand PrixScandinavian Raceway
11%
21970Canadian Grand PrixCircuit Mont-Tremblant
9%
21954Spanish Grand PrixPedralbes Circuit
6%
41972French Grand PrixCharade Circuit
3%
21974Belgian Grand PrixNivelles-Baulers
0%

Score Distribution

Percentile by Number Answered

Percent of People with Each Score

Your Score History

You have not taken this quiz since the last reset